Modern management : Concepts and skills

Сохранить в:
Библиографические подробности
Главный автор:  Certo, Samuel C
Формат: Sách
Язык:Undetermined
Опубликовано:  Pearson Education  2014
Предметы:
Метки: Добавить метку
Нет меток, Требуется 1-ая метка записи!
Thư viện lưu trữ: Trung tâm Thư viện - Trường Đại học Công nghiệp TP. Hồ Chí Minh
LEADER 00507nam a2200157Ia 4500
001 UIH_06139
008 231011s9999 xx 000 0 und d
082 |a  658 
100 |a  Certo, Samuel C 
245 0 |a  Modern management : Concepts and skills 
245 0 |c  Certo, Samuel C 
260 |b  Pearson Education 
260 |c  2014 
650 |a  Quản lý; Quản lý công nghiệp;  
927 |a Sách 
980 |a Trung tâm Thư viện - Trường Đại học Công nghiệp TP. Hồ Chí Minh